000 00417nam a22001697a 4500
003 MPLRDC
005 20220104172731.0
008 210129b ||||| |||| 00| 0 eng d
020 _a0-671-74910-2
082 _a490.8 COV
100 _aSTEPHEN R. COVEY
245 _aPRINCIPLE-CENTERED LEADERSHIP
_c
260 _a
_bFRANKLIN COVEY CO.
_c1992
300 _b
650 _a商学总论
942 _cBK
_o490.8 COV
999 _c59088
_d59078